USMLE step 3 / (Record no. 1848)

000 -LEADER
fixed length control field 02742nam a22004697a 4500
001 - CONTROL NUMBER
control field 18353240
003 - CONTROL NUMBER IDENTIFIER
control field OSt
005 - DATE AND TIME OF LATEST TRANSACTION
control field 20241030112738.0
008 - FIXED-LENGTH DATA ELEMENTS--GENERAL INFORMATION
fixed length control field 141028t20152015paua b 001 0 eng
010 ## - LIBRARY OF CONGRESS CONTROL NUMBER
LC control number 2014042526
020 ## - INTERNATIONAL STANDARD BOOK NUMBER
International Standard Book Number 9781455753994 (pbk. : alk. paper)
020 ## - INTERNATIONAL STANDARD BOOK NUMBER
International Standard Book Number 1455753998 (pbk. : alk. paper)
035 ## - SYSTEM CONTROL NUMBER
System control number (DNLM)101644555
040 ## - CATALOGING SOURCE
Original cataloging agency DNLM/DLC
Language of cataloging eng
Transcribing agency DLC
Description conventions rda
Modifying agency DLC
041 ## - LANGUAGE CODE
Language code of text/sound track or separate title eng
042 ## - AUTHENTICATION CODE
Authentication code pcc
050 10 - LIBRARY OF CONGRESS CALL NUMBER
Classification number RC58
Item number .O245 2015
060 10 - NATIONAL LIBRARY OF MEDICINE CALL NUMBER
Classification number WB 18.2
080 ## - UNIVERSAL DECIMAL CLASSIFICATION NUMBER
Universal Decimal Classification number 61
Item number C-74
082 00 - DEWEY DECIMAL CLASSIFICATION NUMBER
Classification number 616.0076
Edition number 23
100 1# - MAIN ENTRY--PERSONAL NAME
Personal name O'Connell, Theodore X.,
Relator term author.
245 10 - TITLE STATEMENT
Title USMLE step 3 /
Statement of responsibility, etc. Theodore X. O'Connell, MD, Program Director, Family Medicine Residency Program, Kaiser Permanente Napa-Solano, Napa, California, Assistant Clinical Professor, Department of Community and Family Medicine, University of California, San Francisco, School of Medicine, San Francisco, California, Department of Family Medicine, David Geffen School of Medicine at UCLA, Los Angeles, California, Thomas E. Blair, MD, Resident Physician Emergency Medicine, Harbor-UCLA Medical Center, Los Angeles, California, Ryan A. Pedigo, MD, Chief Resident Physician Emergency Medicine, Harbor-UCLA Medical Center, Los Angeles, California.
Remainder of title / by: Elsevier/Saunders
246 30 - VARYING FORM OF TITLE
Title proper/short title USMLE step 3 secrets
260 ## - PUBLICATION, DISTRIBUTION, ETC.
Place of publication, distribution, etc. Philadelphia, PA
Name of publisher, distributor, etc. Elsevier/Saunders
Date of publication, distribution, etc. 2015
300 ## - PHYSICAL DESCRIPTION
Extent vii, 386 pages
Other physical details illustrations
Dimensions 22 cm.
336 ## - CONTENT TYPE
Content type term text
Source rdacontent
337 ## - MEDIA TYPE
Media type term unmediated
Source rdamedia
338 ## - CARRIER TYPE
Carrier type term volume
Source rdacarrier
490 1# - SERIES STATEMENT
Series statement Secrets
504 ## - BIBLIOGRAPHY, ETC. NOTE
Bibliography, etc. note Includes bibliographical references and index.
505 0# - FORMATTED CONTENTS NOTE
Formatted contents note General principles -- Disorders of the nervous system and special senses -- Disorders of the respiratory system -- Cardiovascular disorders -- Nutritional and digestive system disorders -- Behavioral and emotional disorders -- Disorders of the musculoskeletal system -- Disorders of the skin and subcutaneous tissue -- Disorders of the endocrine system -- Renal and urinary disorders -- Diseases and disorders of the female reproductive system -- Pregnancy, labor and delivery, the fetus, and the newborn -- Disorders of blood -- Disorders of the male reproductive system -- Disorders of the immune system -- Clinical case scenarios.
650 12 - SUBJECT ADDED ENTRY--TOPICAL TERM
Topical term or geographic name entry element Clinical Medicine
Form subdivision Examination Questions.
650 10 - SUBJECT ADDED ENTRY--TOPICAL TERM
Topical term or geographic name entry element Medicine
9 (RLIN) 69
653 ## - INDEX TERM--UNCONTROLLED
Uncontrolled term მედიცინა
653 ## - INDEX TERM--UNCONTROLLED
Uncontrolled term კლინიკური მედიცინა
700 1# - ADDED ENTRY--PERSONAL NAME
Personal name Blair, Thomas E.
Fuller form of name (Edward),
Dates associated with a name 1984-,
Relator term author.
700 1# - ADDED ENTRY--PERSONAL NAME
Personal name Pedigo, Ryan A.,
Relator term author.
830 #0 - SERIES ADDED ENTRY--UNIFORM TITLE
Uniform title Secrets series.
906 ## - LOCAL DATA ELEMENT F, LDF (RLIN)
a 7
b cbc
c orignew
d 1
e ecip
f 20
g y-gencatlg
942 ## - ADDED ENTRY ELEMENTS (KOHA)
Source of classification or shelving scheme
Koha item type Books
Holdings
Withdrawn status Lost status Source of classification or shelving scheme Damaged status Not for loan Permanent location Current location Date acquired Inventory number Total Checkouts Full call number Barcode Date last seen Price effective from Koha item type
          Ken Walker International University Ken Walker International University 03/02/2021 625   61 С-74 625 03/02/2021 03/02/2021 Books

Powered by Koha